Estudi de necessitats d'habitatge a la província de Barcelona : situació actual i previsions a mig termini / [coordinació: Carme Trilla] situació actual i previsions a mig termini / [coordinació:
ISBN:
84-7794-845-3
Publicado:
[Barcelona] :
Diputació de Barcelona, Xarxa de Municipis, Delegació per a la Gestió Patrimonial i Habitatge, cop. 2002
Descripción Física:
125 p., taules, gràf. ; 24 cm
Colección:
Habitatge i desenvolupament ; 2
Otros Autores:
Trilla i Bellart, Carme
MARC
| LEADER | 00000nam a2200000Ia 4500 | ||
|---|---|---|---|
| 001 | 13563 | ||
| 003 | BGR | ||
| 005 | 20260324175216.0 | ||
| 008 | 160829s9999 xx 000 0 cat d | ||
| 020 | |a 84-7794-845-3 | ||
| 080 | |a C-2-217 | ||
| 245 | |a Estudi de necessitats d'habitatge a la província de Barcelona : |b situació actual i previsions a mig termini / [coordinació: |b Carme Trilla] | ||
| 260 | |a [Barcelona] : |b Diputació de Barcelona, Xarxa de Municipis, Delegació per a la Gestió Patrimonial i Habitatge, cop. 2002 | ||
| 300 | |a 125 p., taules, gràf. ; |c 24 cm | ||
| 490 | |a Habitatge i desenvolupament ; 2 | ||
| 650 | |a Habitatge |x Barcelona (Província) |x Previsió |9 20518 | ||
| 700 | 1 | |a Trilla i Bellart, Carme |e coordinadora |9 32468 | |
| 710 | 1 | |a Barcelona (Catalunya : Província). |b Diputació |9 52408 | |
| 901 | |a Arxiu | ||
| 942 | |n 1 |2 udc |c MON | ||
| 952 | |0 0 |1 0 |4 0 |6 C2217 |7 1 |9 41570 |a Arxiu |b Arxiu |d 2016-12-01 |l 0 |o C-2-217 |p 13563 |r 2016-12-01 00:00:00 |w 2016-12-01 |y ARXIU | ||
| 999 | |c 43460 |d 43460 | ||